| 000 | 01014nam a2200217Ia 4500 | ||
|---|---|---|---|
| 999 |
_c43717 _d43717 |
||
| 001 | 10458 | ||
| 003 | GE_BSU | ||
| 005 | 20221219121833.0 | ||
| 008 | 181216s1985ge xx |||||||||||||| ||geo|| | ||
| 040 | _cGE_BSU | ||
| 041 | _ageo | ||
| 080 | _a821.353.1–3+821.353.1–32 ქ-27 | ||
| 245 |
_aქართული პროზა: _bწ.11:მოთხრობები : ალექსანდრე ყაზბეგი / _cშემდგ : გ. გვერდწითელი. რ. თვარაძე |
||
| 264 |
_aთბილისი : _bსაბჭოთა საქართველო, _c1986. |
||
| 300 |
_a768 გვ; _b20 სმ. |
||
| 653 | _aქართული პროზა: | ||
| 653 | _aწ.11:მოთხრობები. ალექსანდრე ყაზბეგი | ||
| 700 |
_aგვერდწითელი, გ _eშემდგენელი _916477 |
||
| 700 |
_aთვარაძე , რ _eშემდგენელი _914595 |
||
| 942 |
_cBK _2udc |
||